El mariategui del pasado /
Guardado en:
| Autor principal: | |
|---|---|
| Formato: | Desconocido |
| Lenguaje: | Spanish |
| Materias: | |
| Etiquetas: |
Agregar Etiqueta
Sin Etiquetas, Sea el primero en etiquetar este registro!
|
MARC
| LEADER | 000000000a22000000004500 | ||
|---|---|---|---|
| 001 | 002358 | ||
| 041 | 0 | |a spa | |
| 100 | 1 | |a López, Ramón | |
| 245 | 1 | 3 | |a El mariategui del pasado / |c Ramón López. |
| 310 | |a bimestral | ||
| 500 | |a Siete ensayos de interpretación de la realidad peruana | ||
| 650 | 4 | |a MARIATEGUI, JOSE CARLOS | |
| 650 | 4 | |a POSADA, FRANCISCO | |
| 650 | 4 | |a LOS ORIGENES DEL PENSAMIENTO MARXISTA EN LATINOAMERICA | |
| 650 | 4 | |a AMAUTA | |
| 650 | 4 | |a MARXISMO LATINOAMERICANO | |
| 773 | 0 | |x 008-7157 |d Cuba : Casa de las Américas |t Casa de las Américas |g número 55 (1969), páginas 126-128 | |
| 942 | |c ARC | ||
| 999 | |c 9877 |d 9877 | ||
